Consumer Product Knock-Off Quiz Stats

 Plays Quiz not verified by Sporcle

Support Sporcle.
Go Orange.
Score 0/16 Timer 06:00
0 Plays Today
Knock-Off Brand Product Brand % Correct
CougarJaguar
73.9%
Island O'SeasLand O'Lakes
52.2%
Guava CommonwealthBanana Republic
43.5%
Nurse AniseDr. Pepper
30.4%
CheldrenKeds
30.4%
ANDERSONPAM
26.1%
Dun DwarfGreen Giant
26.1%
ParryDodge
21.7%
Knock-Off Brand Product Brand % Correct
Darling DamselHoney Maid
17.4%
EnjoyabulbsFunyuns
17.4%
Jennifer & H2oTiffany & Co
17.4%
MegatoughMicrosoft
17.4%
ValleyDell
17.4%
Specific FlatRandom House
17.4%
MonolithFossil
13%
ProvidenceNewport
13%

You're not logged in!

Compare scores with friends on all Sporcle quizzes.
OR
Log In

From the Vault

Pick the Capital: Europe

by RobPro

The best part is you don't have to spell any of them.
Remove Ads.
Support Sporcle.
Get the best of Sporcle when you Go Orange. This ad-free experience offers more features, more stats, and more fun while also helping to support Sporcle. Thank you for becoming a member.

Show Comments

Extras

Top Quizzes Today


Score Distribution

Your Account Isn't Verified!

In order to create a playlist on Sporcle, you need to verify the email address you used during registration. Go to your Sporcle Settings to finish the process.

Report this User

Report this user for behavior that violates our Community Guidelines.

Details: